00511 2200205 4500001002100000005001500021035002000036007000300056008004100059020001800100082000800118084001400126100000900140245003800149250001100187260004000198300002600238600001600264990002500280INLIS00000000000074520220822104744 a0010-0822000056ta220822 | 0 ind  a979-514-670-X a297 a297 UWE e0 aUwes1 a60 PENYAKIT HATI /cUwes Al Qorni aCet. 3 aBandung :bRemaja Rosdakarya,c1999 a247 hlm ;c11 x 18 cm 4aAgama Islam a01490/PSMUH/Hib/2015